000 00337nam a22001457a 4500
003 OSt
008 201120b ||||| |||| 00| 0 eng d
100 _aNARAYAN, Shanti
245 _aElements of Real Analysis
250 _aRep.
260 _aNew Delhi
_bS.Chand
_c2020
300 _aMisc
650 _aB.Sc Non Medical
942 _2ddc
_cBK
999 _c9280
_d9280